Library Banner

Daroon hamlay = ڈرون حملے : (Record no. 121681)

MARC details
000 -LEADER
fixed length control field 00555nam a22001457a 4500
005 - DATE AND TIME OF LATEST TRANSACTION
control field 20210317092258.0
008 - FIXED-LENGTH DATA ELEMENTS--GENERAL INFORMATION
fixed length control field 210317b ||||| |||| 00| 0 eng d
040 ## - CATALOGING SOURCE
Transcribing agency PK-LaUMT
082 ## - DEWEY DECIMAL CLASSIFICATION NUMBER
Classification number RHC 358.414
Item number ASI-D
100 ## - MAIN ENTRY--PERSONAL NAME
Personal name Asif Mahmood = آصف محمود
245 ## - TITLE STATEMENT
Title Daroon hamlay = ڈرون حملے :
Remainder of title عالمی قوانین اور انسانی ضمیر کی عدالت میں/
Statement of responsibility, etc by Asif Mahmood = آصف محمود
260 ## - PUBLICATION, DISTRIBUTION, ETC. (IMPRINT)
Place of publication, distribution, etc Islamabad :
Name of publisher, distributor, etc International Institute of Strategic Studies and Research,
Date of publication, distribution, etc 2013
300 ## - PHYSICAL DESCRIPTION
Extent 176 p.
942 ## - ADDED ENTRY ELEMENTS (KOHA)
Koha item type Books
Holdings
Withdrawn status Lost status Damaged status Home library Current library Date acquired Full call number Barcode Date last seen Price effective from Koha item type
      UMT Main Campus UMT Main Campus 2021-03-17 RHC 358.414 ASI-D 112832 2021-03-17 2021-03-17 Books